00464nam a2200145Ia 4500008004100000100001900041245008700060245001900147260003900166260000900205300001200214650001800226650001500244856005900259170221s9999 xx 000 0 und d aBrian T Parker aBranding Online News Providers: Brand Personality and the Image Congruence Effect  cBrian T Parker bStudies in Media and Communication c2014 a34 : 18 xCommunication xMedia Arts uhttp://redfame.com/journal/index.php/smc/issue/view/22